Security and Human Rights

Gespeichert in:
Bibliographische Detailangaben
Format: Schriftenreihe
Sprache:Englisch
Veröffentlicht: Leiden Brill/Nijhoff
Tags: Tag hinzufügen
Keine Tags, Fügen Sie das erste Tag hinzu!

MARC

LEADER 00000nas1a2200000 4500
001 0297721
005 20250701092136.0
022 |a 1874-7337 
022 |a 1875-0230 
041 0 |a eng 
044 |a NL 
245 1 0 |a Security and Human Rights 
264 1 |a Leiden  |b Brill/Nijhoff